<?xml version="1.0" encoding="UTF-8"?>
<record
    xmlns:xsi="http://www.w3.org/2001/XMLSchema-instance"
    xsi:schemaLocation="http://www.loc.gov/MARC21/slim http://www.loc.gov/standards/marcxml/schema/MARC21slim.xsd"
    xmlns="http://www.loc.gov/MARC21/slim">

  <leader>00980nam a2200253 a 4500</leader>
  <controlfield tag="001">BRL_575</controlfield>
  <controlfield tag="005">20190320210816.0</controlfield>
  <controlfield tag="008">040913s1949----mx-a######---#000-0dspa-#</controlfield>
  <datafield tag="041" ind1=" " ind2=" ">
    <subfield code="a">spa</subfield>
  </datafield>
  <datafield tag="044" ind1=" " ind2=" ">
    <subfield code="a">mx</subfield>
  </datafield>
  <datafield tag="050" ind1=" " ind2="4">
    <subfield code="a">DS115</subfield>
    <subfield code="b">.P33 1949</subfield>
  </datafield>
  <datafield tag="100" ind1="1" ind2=" ">
    <subfield code="a">Padua G&#xF3;mez, Jos&#xE9;</subfield>
    <subfield code="9">24334</subfield>
  </datafield>
  <datafield tag="245" ind1="1" ind2="0">
    <subfield code="a">Israel y la Civilizaci&#xF3;n</subfield>
    <subfield code="c">Jos&#xE9; Padua G&#xF3;mez ; Semblanzas de Maimonides ...[et. al.]</subfield>
  </datafield>
  <datafield tag="260" ind1=" " ind2=" ">
    <subfield code="a">M&#xE9;xico, D.F.</subfield>
    <subfield code="b">Ediciones Metropolis</subfield>
    <subfield code="c">1949</subfield>
  </datafield>
  <datafield tag="300" ind1=" " ind2=" ">
    <subfield code="a">109 p.</subfield>
    <subfield code="b">il.</subfield>
    <subfield code="c">22 cm.</subfield>
  </datafield>
  <datafield tag="500" ind1=" " ind2=" ">
    <subfield code="a">ej.1 Au632 ; ej.2 Au1343</subfield>
  </datafield>
  <datafield tag="500" ind1=" " ind2=" ">
    <subfield code="a">La biblioteca cuenta con 2 ejemplares.</subfield>
  </datafield>
  <datafield tag="500" ind1=" " ind2=" ">
    <subfield code="a">Semblanzas de Moises Maim&#xF3;nides, Baruj Spinoza, Jorge Isaacs, F&#xE9;lix Mendelssohn, Carlos Roloff, Cesare Lombroso, Max Nordau, Sigmund Freud, Paul Ehrlich, Henri Bergson, Alberto Einsten, Stefan Sweig y Jaim Weizmann</subfield>
  </datafield>
  <datafield tag="650" ind1="1" ind2="4">
    <subfield code="a">Judios</subfield>
    <subfield code="v">Biograf&#xED;a</subfield>
    <subfield code="9">24335</subfield>
  </datafield>
  <datafield tag="650" ind1="1" ind2="4">
    <subfield code="a">Civilizaci&#xF3;n</subfield>
    <subfield code="x">Influencias jud&#xED;as</subfield>
    <subfield code="9">24336</subfield>
  </datafield>
  <datafield tag="700" ind1="1" ind2=" ">
    <subfield code="a">Maimonides, Moises</subfield>
    <subfield code="9">24337</subfield>
  </datafield>
  <datafield tag="902" ind1=" " ind2=" ">
    <subfield code="a">GRL</subfield>
  </datafield>
  <datafield tag="942" ind1=" " ind2=" ">
    <subfield code="2">lcc</subfield>
    <subfield code="c">B</subfield>
  </datafield>
  <datafield tag="999" ind1=" " ind2=" ">
    <subfield code="c">9387</subfield>
    <subfield code="d">9387</subfield>
  </datafield>
  <datafield tag="952" ind1=" " ind2=" ">
    <subfield code="0">0</subfield>
    <subfield code="1">0</subfield>
    <subfield code="4">0</subfield>
    <subfield code="7">0</subfield>
    <subfield code="a">BRL</subfield>
    <subfield code="b">BRL</subfield>
    <subfield code="d">2013-09-04</subfield>
    <subfield code="l">0</subfield>
    <subfield code="o">DS115 .P33 1949</subfield>
    <subfield code="p">GRL00632</subfield>
    <subfield code="r">2019-03-22 00:00:00</subfield>
    <subfield code="w">2019-03-22</subfield>
    <subfield code="y">B</subfield>
  </datafield>
  <datafield tag="952" ind1=" " ind2=" ">
    <subfield code="0">0</subfield>
    <subfield code="1">0</subfield>
    <subfield code="4">0</subfield>
    <subfield code="7">0</subfield>
    <subfield code="a">BRL</subfield>
    <subfield code="b">BRL</subfield>
    <subfield code="d">2015-10-27</subfield>
    <subfield code="l">0</subfield>
    <subfield code="o">DS115 .P33 1949</subfield>
    <subfield code="p">GRL01282</subfield>
    <subfield code="r">2019-03-22 00:00:00</subfield>
    <subfield code="w">2019-03-22</subfield>
    <subfield code="y">B</subfield>
  </datafield>
</record>
